OFDM MODEM (real time implementation of OFDM modem) / (Record no. 183352)

000 -LEADER
fixed length control field 00776 a2200193 4500
003 - CONTROL NUMBER IDENTIFIER
control field NUST
005 - DATE AND TIME OF LATEST TRANSACTION
control field 20251118181635.0
040 ## - CATALOGING SOURCE
Transcribing agency Nust
082 ## - DEWEY DECIMAL CLASSIFICATION NUMBER
Classification number 621.382,ZAI
100 ## - MAIN ENTRY--PERSONAL NAME
Personal name Zaidi, NC Ali Abbas (TCC-13)
9 (RLIN) 131939
245 ## - TITLE STATEMENT
Title OFDM MODEM (real time implementation of OFDM modem) /
Statement of responsibility, etc. NC Ali Abbas Zaidi, Capt Sajjad Haider Khan and NC Khurram Shahzad.
260 ## - PUBLICATION, DISTRIBUTION, ETC.
Place of publication, distribution, etc. Rawalpindi
Name of publisher, distributor, etc. MCS (NUST)
Date of publication, distribution, etc. 2005
300 ## - PHYSICAL DESCRIPTION
Extent 68 p.;
505 ## - FORMATTED CONTENTS NOTE
Formatted contents note Introduction to OFDM (Page-1), OFDM Modem Simulation and Design (Page-12), Linear Prediction of Speech (Page-36), Implementation (Page-46), Conclusion (Page-64), References (Page-65).
650 ## - SUBJECT ADDED ENTRY--TOPICAL TERM
Topical term or geographic name entry element UG Projects
9 (RLIN) 98716
651 ## - SUBJECT ADDED ENTRY--GEOGRAPHIC NAME
Geographic name TCC-13
9 (RLIN) 126050
700 ## - ADDED ENTRY--PERSONAL NAME
Personal name Supervised by Lt Col (R) Syed Javaid Hussain
9 (RLIN) 131940
942 ## - ADDED ENTRY ELEMENTS (KOHA)
Koha item type Project Report
Source of classification or shelving scheme
Holdings
Withdrawn status Lost status Source of classification or shelving scheme Damaged status Not for loan Permanent Location Current Location Shelving location Date acquired Full call number Barcode Date last seen Price effective from Koha item type Public note
          Military College of Signals (MCS) Military College of Signals (MCS) Reference 12/12/2016 621.382,ZAI MCSPTC-93 12/08/2016 12/12/2016 Project Report Almirah No.94, Shelf No.2
© 2023 Central Library, National University of Sciences and Technology. All Rights Reserved.